000 00786nmm a2200265 a 4500
003 AR-BaBNM
005 20251128205649.0
008 178019s1985 ||||||||||||||000 | spa||
040 _cAR-BaBNM
100 1 _aQuiroga, Ivonne Iannet
245 1 0 _aCaminando juntos
_blecturas para adultos. 1
250 _a1ª ed.
260 _aBuenos Aires
_bMagisterio del Río de la Plata
_c1985
300 _a96 p.
_bil.
500 _aEste libro se complementa con el de actividades con inventario no. 111898
650 4 _aEDUCACION DE ADULTOS
650 4 _aENSENANZA DE LA LECTURA
650 4 _aLIBROS DE TEXTO
650 4 _aNIVEL DE LECTURA
650 4 _aPROCESO DE LECTURA
650 4 _aDIFICULTAD EN LA LECTURA
653 _aCOMPRENSION LECTORA
942 _cBK
998 _cCarmen
999 _c12301
_d12301